| 000 | 00838nam a2200253Ia 4500 | ||
|---|---|---|---|
| 003 | OSt | ||
| 005 | 20221005104409.0 | ||
| 006 | a|||||r|||| 00| 0 | ||
| 007 | ta | ||
| 008 | 221004b |||||||| |||| 00| 0 hin d | ||
| 020 | _a8180900312 (hbk) | ||
| 024 | _a77617 | ||
| 037 | _cTextual | ||
| 040 |
_aCRL _cCRL _bhin |
||
| 041 |
_2hin _ahin |
||
| 082 | _aNA25233, 152P3 | ||
| 100 | _aवर्मा, महेन्द्र | ||
| 245 | 0 | _aबुन्देलखण्ड की वास्तुकला | |
| 246 | _aBundelakhaṇḍa kī vāstukalā | ||
| 260 |
_aदिल्ली _bभारतीय कला प्रकाशन भारत _c2003 |
||
| 300 |
_a205पृ0 _ccm. |
||
| 942 |
_hNA25233, 152P3 _cTEXL _2cc |
||
| 999 |
_c1012584 _d1012584 |
||